British Soap Operas - Statistics

General Stats
  • This quiz has been taken 831 times
    827 since last reset
  • The average score is 13 of 25
Answer Stats
Hint Answer % Correct
Which channel broadcasts Coronation Street? ITV
91%
What is the name of the pub in Coronation Street? Rover's Return
89%
The Resident's of EastEnders live on which square? Albert
83%
Zac, Lisa, Marlon, Belle & Cain share what surname? Dingle
82%
In which fictional town do the residents of Coronation Street live? Weatherfield
78%
In which county is Emmerdale set? Yorkshire
77%
What was dropped from the name of the show in 1989? Farm
76%
What animal did Jack Duckworth keep? Pigeon
75%
In what year was Coronation Street first broadcast? 1960
71%
In what year was EastEnders first broadcast? 1985
69%
In what borough of London is EastEnders set? Walford
69%
Who is the longest serving character? Ian Beale
61%
And in which city was this soap set? Liverpool
59%
Hollyoaks is set in which City? Chester
58%
Which Soap broadcast the first Pre-watershed Lesbian Kiss in 1994? Brookside
55%
What was the name of the family that ran the farm when the series first began? Sugden
54%
In December 1993 what killed four of the Villagers? Plane Crash
47%
What was the name of Ethel's Dog? Willy
41%
The Crossroads Motel was situated in Kings Oak on the outskirts of which City? Birmingham
38%
What is the name of the pub in Hollyoaks? The Dog in the Pond
17%
Who is the show's longest running Character? Tony Hutchinson
17%
Which family who lived at No 5 were the first family to move in? Grants
9%
Doctors is set in which fictional Midlands town? Letherbridge
8%
Which village idiot is the most memorable character? Benny Hawkins
3%
What is the name of the main surgery in Doctors? The Mill Health Centre
2%
No matching quizzes found
Score Distribution
Percent of People with Each Score
Percentile by Number Answered
Your Score History
You have not taken this quiz since the last reset